El sindicato: formación, disolución e instituciones que originan (Registro nro. 12063)
[ vista simple ]
| 000 -Cabecera | |
|---|---|
| Campo de control de longitud fija | 01114nam a22003857a 4500 |
| 005 - Fecha y hora de la última transacción | |
| Campo de control | 20231025184855.0 |
| 008 - Elementos de longitud fija--Información general | |
| Campo de control de longitud fija | 190613b1997 xxu||||| |||| 00| 0 spa d |
| 020 ## - International Standard Book Number | |
| Número Internacional Estándar del Libro (ISBN) | 9977131333 |
| 041 ## - Idioma | |
| Código de idioma | Español |
| 082 ## - Clasificación Decimal Dewey | |
| Número de clasificación | 331.8 B352s |
| 100 ## - Entrada principal--Autor personal | |
| Nombre personal | Bautista Vivas, Óscar |
| 9 (RLIN) | 54369 |
| 245 ## - Título propiamente dicho | |
| Título | El sindicato: formación, disolución e instituciones que originan |
| 260 ## - Pie de imprenta | |
| Lugar de publicación, distribución, etc. | Costa Rica |
| 260 ## - Pie de imprenta | |
| Nombre del editor, distribuidor, etc. | IJSA |
| 260 ## - Pie de imprenta | |
| Fecha de publicación, distribución, etc. | 1997 |
| 300 ## - Descripción física | |
| Extensión | 228 páginas |
| 650 ## - Materia general | |
| Temática (materia general) | COSTA RICA |
| 650 ## - Materia general | |
| Temática (materia general) | SINDICATOS |
| 650 ## - Materia general | |
| Temática (materia general) | SINDICALISMO |
| 650 ## - Materia general | |
| Temática (materia general) | HISTORIA |
| 650 ## - Materia general | |
| Temática (materia general) | ETIMOLOGÍA |
| 650 ## - Materia general | |
| Temática (materia general) | REQUISITOS |
| 650 ## - Materia general | |
| Temática (materia general) | ESTRUCTURA |
| 650 ## - Materia general | |
| Temática (materia general) | OBLIGACIONES |
| 650 ## - Materia general | |
| Temática (materia general) | PROHIBICIONES |
| 650 ## - Materia general | |
| Temática (materia general) | ADMINISTRACIÓN DEL SINDICATO |
| 650 ## - Materia general | |
| Temática (materia general) | CONVENCIONES COLECTIVAS DE TRABAJO |
| 650 ## - Materia general | |
| Temática (materia general) | DEBIDO PROCESO |
| 650 ## - Materia general | |
| Temática (materia general) | ESTABILIDAD LABORAL |
| 650 ## - Materia general | |
| Temática (materia general) | REMOCIÓN |
| 650 ## - Materia general | |
| Temática (materia general) | PROMOCIÓN DEL SINDICALISMO |
| 650 ## - Materia general | |
| Temática (materia general) | LIBERTAD SINDICAL |
| 650 ## - Materia general | |
| Temática (materia general) | PRINCIPIOS DE CONSTITUCIÓN |
| 942 ## - Punto de acceso adicional KOHA | |
| Tipo de ítem KOHA | Libro |
| Fuente del sistema de clasificación o colocación | Dewey Decimal Classification |
| Signatura completa | Código de barras | Tipo de ítem |
|---|---|---|
| 331.8 B352s | 1118 | Libro |